{"text_format":"3","workbook":"xls","n_sheets":1,"sheets":["制作清单"],"read":"whole","date_system":"1900","formulas":"cached_only"}

{"sheet":"制作清单","index":0,"n_rows":70,"n_cols":7,"rows_kept":70,"merged":[[0,0,0,6],[2,0,6,0],[5,1,6,5],[5,6,6,6],[8,0,12,0],[11,1,12,5],[11,6,12,6],[14,0,18,0],[17,1,18,5],[17,6,18,6],[20,0,24,0],[23,1,24,5],[23,6,24,6],[26,0,30,0],[29,1,30,5],[29,6,30,6],[32,0,36,0],[35,1,36,5],[35,6,36,6],[38,0,38,1],[39,0,39,1],[40,0,40,1],[41,0,41,5],[42,0,42,6],[44,0,56,0],[57,0,57,5],[60,0,67,0],[68,0,68,5],[69,0,69,5]],"flags":["formulas_cached_only"]}
["连州市2025年就业援助月暨“南粤春暖”行动招聘会广告制作清单"]
["地方","内   容","规格\n（CM）","数量","单位","单价\n（元）","金额\n（元）"]
["东陂镇   1月15日","帐篷","3米X3米",10,"顶",80,800]
[null,"桌子20张,凳子40张，红色台布（一张台，2张凳1件红布为一套）",null,20,"套",75,1500]
[null,"工人拆装、交通运输费",null,1,"项",1100,1100]
[null,"小计",{"$nulls":4},3400]
[]
[]
["保安镇   1月17日","帐篷","3米X3米",10,"顶",80,800]
[null,"桌子20张,凳子40张，红色台布（一张台，2张凳1件红布为一套）",null,20,"套",75,1500]
[null,"工人拆装、交通运输费",null,1,"项",1100,1100]
[null,"小计",{"$nulls":4},3400]
[]
[]
["龙坪镇   1月20日","帐篷","3米X3米",10,"顶",80,800]
[null,"桌子20张,凳子40张，红色台布（一张台，2张凳1件红布为一套）",null,20,"套",75,1500]
[null,"工人拆装、交通运输费",null,1,"项",1100,1100]
[null,"小计",{"$nulls":4},3400]
[]
[]
["星子镇   1月21日","帐篷","3米X3米",10,"顶",80,800]
[null,"桌子20张,凳子40张，红色台布（一张台，2张凳1件红布为一套）",null,20,"套",75,1500]
[null,"工人拆装、交通运输费",null,1,"项",1100,1100]
[null,"小计",{"$nulls":4},3400]
[]
[]
["丰阳镇   1月22日","帐篷","3米X3米",10,"顶",80,800]
[null,"桌子20张,凳子40张，红色台布（一张台，2张凳1件红布为一套）",null,20,"套",75,1500]
[null,"工人拆装、交通运输费",null,1,"项",1100,1100]
[null,"小计",{"$nulls":4},3400]
[]
[]
[" 大路边镇   1月23日","帐篷","3米X3米",10,"顶",80,800]
[null,"桌子20张,凳子40张，红色台布（一张台，2张凳1件红布为一套）",null,20,"套",75,1500]
[null,"工人拆装、交通运输费",null,1,"项",1100,1100]
[null,"小计",{"$nulls":4},3400]
[]
[]
["连州市2025年就业援助月暨“南粤春暖”行动招聘会横幅",null,"600X60",1,"条",130,130]
["连州市“全民就业行动”现场招聘会 横幅",null,"600X60",1,"条",130,130]
["企业横幅",null,"300X40",9,"条",50,450]
["小计",{"$nulls":5},710]
[]
["地方","材料","规格\n（CM）","数量","单位","单价\n（元）","金额\n（元）"]
["连州文化广场（2月7日）","帐篷","300X300",50,"顶",80,4000]
[null,"桌子红色台布(一张台，2张凳1件红布为一套)",null,112,"套",75,8400]
[null,"充气拱门(加文字)","15米",1,"套",950,950]
[null,"招聘企业名称:530灯布","300X40",35,"条",50,1750]
[null,"帐篷顶横幅:530灯布、方条、铁线","900X70",5,"条",220,1100]
[null,"帐篷顶横幅:530灯布、方条、铁线连州市2025年“春风行动”专项服务招聘会","600X60",1,"条",150,150]
[null,"招聘企业名单:530灯布、搭架","800X400",32,"平方",85,2720]
[null,"大背景:530灯布、搭架","1500X400",60,"平方",85,5100]
[null,"音响双15",null,1,"套",1800,1800]
[null,"直播间背景图","300X280",1,"件",260,260]
[null,"空飘标语","800X70",2,"套",950,1900]
[null,"直播间门头：车贴裱KT板","300X60",1,"件",213,213]
[null,"工人拆装、运输费",null,1,"项",1565,1565]
["小计",{"$nulls":5},29908]
[]
["地方","材料","规格\n（CM）","数量","单位","单价\n（元）","金额\n（元）"]
["连州文化广场（2月20日）","帐篷","300X300",16,"顶",80,1280]
[null,"桌子红色台布(一张台，2张凳1件红布为一套)",null,36,"套",75,2700]
[null,"充气拱门(加文字)","15米",1,"套",950,950]
[null,"招聘企业名称:530灯布","300X40",13,"条",50,650]
[null,"帐篷顶横幅:530灯布、方条、铁线","600X70",2,"条",150,300]
[null,"音响双15",null,1,"套",1800,1800]
[null,"空飘标语","800X70",2,"套",950,1900]
[null,"工人拆装、运输费",null,1,"项",1200,1200]
["小计",{"$nulls":5},10780]
["总计",{"$nulls":5},61798]